La ciencia del Derecho Penal ante las exigencias del presente

Guardat en:
Dades bibliogràfiques
Autor principal: Jakobs, Günther (Autor)
Format: Llibre
Idioma:espanyol
Publicat: Bogotá Universidad Externado de Colombia 2000
Edició:1a. ed
Col·lecció:Cuadernos de Conferencias y artículos, 24
Matèries:
Etiquetes: Afegir etiqueta
Sense etiquetes, Sigues el primer a etiquetar aquest registre!

MARC

LEADER 00000cam a2200000 a 4500
001 UCB0237
003 CL-VaPUC
005 20210826074536.0
008 191220e20000000ck spa d
020 |a 9586164764 
082 0 4 |a 345  |b JAK  |2 21 
100 |a Jakobs, Günther  |e author  |9 484793 
245 1 3 |a La ciencia del Derecho Penal ante las exigencias del presente 
250 |a 1a. ed 
260 |a Bogotá  |b Universidad Externado de Colombia  |c 2000 
300 |a 39 p 
490 0 |a Cuadernos de Conferencias y artículos, 24 
583 |a last modification  |c 20191220 13:26:00  |k Rodrigo Vera 
650 0 7 |a DERECHO PENAL  |2 CL-VaPUC  |9 11 
650 0 0 |a Penas   |9 255927 
942 |c BK 
945 |a dcastane  |d 20191220 13:26:00 
999 |c 376382  |d 376380 
952 |0 0  |1 0  |2 ddc  |3 erb  |4 0  |6 345_000000000000000_JAK_2000  |7 0  |9 495775  |a BIBDER  |b BIBDER  |e Mateluna Arestizabal, Alfredo Sergio  |i 5609682  |o 345 JAK 2000  |p 5609682  |r 2023-01-25  |w 2020-01-06  |y MX  |z Catalogado en:20191220  |k DER